| 000 | 00372nam a22001337a 4500 | ||
|---|---|---|---|
| 082 |
_a345.5491 _bANJ |
||
| 100 | _aAnjum, Ahsan Sohail | ||
| 245 |
_aCode of Criminal Procedure: _b[V of 1898] / _cAhsan Sohail Anjum |
||
| 260 |
_aLahore : _bMansoor Book House, _c2024. |
||
| 300 | _a700 p. | ||
| 563 | _aHB. | ||
| 650 |
_aLaw, Criminal Law _9128097 |
||
| 942 |
_2ddc _cBK |
||
| 999 |
_c613185 _d613185 |
||